000
00213nam a2200097Ia 4500
005
20251222114404.0
008
251222s1900||||xx |||||||||||||| ||spa||
082
_a
DVD0010/M57/1979
245
0
_a
Mad Max:
942
_c
DVD
999
_c
1747
_d
1747